00691 2200181 4500245005400000020002200054250001700076700002700093700002000120650002900140005001900169260005300188041001400241084000800255500020800263490002900471336000900500 aHutan Tropis (Rain Forest)cSubhan HadinatahText a978-602-7528-83-3 aAgustus 2012 aM.Aditya Wisnu Pribadi aSubhan Hadinata aEnsiklopedia Super Sains a20231120081340 aIndonesiabEnsiklopedia Nasional Indonesiac2012 aIndonesia a503 aDaftar Isi : Pengenalan ; Dari atas ke bawah, Tumbuh-tumbuhan Hutan Hujan, Fokus ; Membagi Hutan, Mamalia, Burung, Hewan-hewan Menjalar dan Merayap, Dalam Bahaya, Hutan Hujan di dunia, Glosarium, Indeks. aEnsiklopedia Super Sains atext